01448nam a2200265 a 450000100100000000500170001000800410002704000250006808200160009311000320010924501190014126000430026030000420030350000240034550000250036959000260039470000360042070000300045695201400048695201400062695201390076695201270090595201330103299900170116500003699220200930080053.0120207s2010 dr abd r 000 0 spa d aDO-SdBNPbspacBNPHU axxxxbR426d1 aRepública Dominicana944710aDe la crisis financiera internacional al crecimiento para todos /ceditores Roby Senderowitsch, Yvonne M. Tsikata. aSanto Domingo :bBanco Mundial,c2010. a150 p. :bil., map., diagr. ;c28 cm. aNotas de política aTexto a dos columnas aInventariado, 2019/YL1 aSenderowitsch, Robyeed.9633851 aTsikata, Yvonne M.963386 00102ddc56708DSaBNPHUbBNPHUcCTd2015-02-06l0oBNPHU DS R426dp36992-30r2020-06-25te. 3w2020-06-25yLBS1ZPréstamo en sala 00102ddc56708DSaBNPHUbBNPHUcCTd2018-12-13l0oBNPHU DS R426dp36992-40r2020-06-25te. 4w2020-06-25yLBS1ZPréstamo en sala 00102ddc56708DSaBNPHUbBNPHUcCTd2018-12-13l0oBNPHU DS R426dp36992-50r2020-06-25te. 5w2020-06-25yLBS1ZPréstamo en sala 00102ddc51708PDaBNPHUbBNPHUcCTd2012-02-07l0oBNPHU PD R426dp36992-10r2020-06-25w2020-06-25yLBS1ZNo se presta 00102ddc51708PDaBNPHUbBNPHUcCTd2012-02-07l0oBNPHU PD R426dp36992-20r2020-06-25te. 2w2020-06-25yLBS1ZNo se presta c36482d36482